FBS College Football Team Names Not Ending With "S" - Statistics

General Stats
  • This quiz has been taken 844 times
    842 since last reset
  • The average score is 6 of 13
Answer Stats
Answer % Correct
1 Alabama Crimson Tide
77%
10 Stanford Cardinal
66%
11 Syracuse Orange
58%
9 Notre Dame Fighting Irish
57%
12 Tulane Green Wave
52%
2 Illinois Fighting Illini
46%
5 Navy Midshipmen
44%
13 Tulsa Golden Hurricane
42%
6 NC State Wolfpack
41%
8 North Texas Mean Green
41%
3 Marshall Thundering Herd
38%
7 Nevada Wolf Pack
38%
4 Massachusetts Minutemen
30%
No matching quizzes found
Score Distribution
Percent of People with Each Score
Percentile by Number Answered
Your Score History
You have not taken this quiz since the last reset